Vista normal Vista MARC

Entrada Nombre personal

Número de registros utilizados en: 1

001 - NÚMERO DE CONTROL

  • Campo de control: 47515

003 - IDENTIFICADOR DE NÚMERO DE CONTROL

  • Campo de control: OSt

005 - FECHA Y HORA DE LA ULTIMA MODIFICACION

  • Campo de control: 20230629214758.0

008 - ELEMENTOS DE DATOS DE LONGITUD FIJA

  • Campo de longitud fija: 230629|| aca||aabn | a|a d

040 ## - FUENTE DE LA CATALOGACIÓN

  • Agencia original de catalogación: OSt

100 1# - ENCABEZAMIENTO--NOMBRE DE PERSONA

  • Nombre personal: Ayala Martínez, Irving Gustavo

670 ## - FUENTE DE DATOS ENCONTRADOS

  • Fuente de citación: Proyecto, creación de imagen corporativa para posicionamiento digital a tra´ves de la implementación de campaña publicitaria para el grupo de terracería transporte y construcción S.A. de C.V.

670 ## - FUENTE DE DATOS ENCONTRADOS

  • Fuente de citación: BMC.- 29-06-2023